ONE YEAR EXPERIMENT ON THE DECOMPOSITION OF THE MAT GRASS, NARDUS STRICTA L. IN ITS NATURAL ENVIRONMENT

Bibliographic Details
Main Authors: Turček, František Jozef, 1915-1977 (Author), Šušlík, Vojtech, 1937- (Author)
Format: Article
Language:English

MARC

LEADER 00000nab a2200000uu 4500
001 vtls011442313
003 SK-MaSNL
005 20260303123322.0
008 230213|1971 xo |||||||||||||||||eng|
015 |a SNBRB 
035 |a (urnnbn)urn:nbn:sk:snk:ar-00323l 
035 |a (uuid)2fdce774-9588-4ab1-b62a-c3abd926944d 
035 |a urn:nbn:sk:snk-abcgcw 
040 |a SNKBUCL  |b slo  |c SNKBUCL  |e AACR2 
041 0 |a eng 
044 |a xo  |c SK 
100 1 |a Turček, František Jozef,  |d 1915-1977  |4 aut  |9 37753 
245 1 0 |a ONE YEAR EXPERIMENT ON THE DECOMPOSITION OF THE MAT GRASS, NARDUS STRICTA L. IN ITS NATURAL ENVIRONMENT  |c František J. Turček, Vojtech Šušlík 
700 1 |a Šušlík, Vojtech,  |d 1937-  |4 aut  |9 17292 
773 0 |t Biológia : časopis Slovenskej akadémie vied  |g Roč. 26, č. 7 (1971), s. 541-547 
954 |a odborná, vedecká literatúra pôvodná (slovenská)  |2 lita 
958 |a OND 
958 |a EUIPO 
958 |a article16 
999 |c 1925168  |d 1927098